Cricketers who hit 6 sixes in a row by the cricket span hinting - Statistics

General Stats
  • This quiz has been taken 12 times
  • The average score is 2 of 10
Answer Stats
Span Cricketer % Correct
2000-2017 Yuvraj Singh
100%
2007-2022 Kieron Pollard
40%
1996-2010 Herschelle Gibbs
30%
1981-1992 Ravi Shastri
30%
2016- Hazratullah Zazai
20%
1954-1974 Garfield Sobers
10%
2021-2023 Ruturaj Gaikwad
10%
2015- Leo Carter
0%
2008-2023 Ross Whiteley
0%
2009-2021 Thisara Perera
0%
No matching quizzes found
Score Distribution
Percent of People with Each Score
Percentile by Number Answered
Your Score History
You have not taken this quiz